| 000 | 00407nam a2200169Ia 4500 | ||
|---|---|---|---|
| 003 | STCL | ||
| 008 | 181203s9999 xx 000 0 und d | ||
| 020 | _a9780571178568 | ||
| 040 |
_aSTCL _bEN _cSTCL |
||
| 082 | _222 | ||
| 100 | _aKazantzakis, Nikos; Bien, P.A., Tr. | ||
| 245 | 4 | _aThe Last Temptation | |
| 260 |
_bFaber and Faber _aLondon _c2003 |
||
| 300 | _a589 | ||
| 546 | _aEnglish | ||
| 942 |
_2ddc _cBK |
||
| 999 |
_c83614 _d83614 |
||